| 000 | 00352nam a2200097Ia 4500 | ||
|---|---|---|---|
| 008 | 160725s9999 xx 000 0 und d | ||
| 100 | _aRebadulla, Giovanni Clyde E. | ||
| 245 | _aApproach to teaching anatomy and physiology in nursing: traditional, PBL or OBE?. | ||
| 260 |
_bKaizen Research Journal College of Nursing _cSeptember 2012 |
||
| 650 | _aNURSING | ||
| 999 |
_c298021 _d298021 |
||